000 00604nam a2200265Ia 4500
005 20260324153552.0
008 008 260324s9999 xx 000 0 eng d
020 _a9780128114551
037 _aEBOOK
040 _aCRL
040 _beng
040 _cCRL
041 _2eng
041 _aeng
084 _qCRL
100 _aCharles Fitts
_91231782
245 0 _aGroundwater Science, 3e
250 _a3
260 _bElsevier
260 _c2023
856 _uhttps://www.sciencedirect.com/science/book/9780128114551
942 _cEBOOK
999 _c1843415
_d1843415